000
00266nam a22001217a 4500
020
_a
9780071460712
082
_a
572.822
100
_a
MICHAEL PETERS
245
_a
REAL TIME BIOMOLECULAR SIMULATIONS
260
_a
USA
_b
MCGRAW HILL
_c
2007
300
_a
153
942
_c
BK
999
_c
23294
_d
23294